Statistics for Easiest Quiz #2

Click here to take the quiz!

General Stats

  • This quiz has been taken 26 times
    (17 since last reset)
  • The average score is 13 of 15

Answer Stats

HintAnswer% Correct
0 x 0 x 0 x 00
100%
How many letters are in the word word4
100%
What colour is this writingBlack
100%
What colour is the skyBlue
100%
Name a one letter wordI/A
100%
Who is the President of the USAJoe Biden
100%
Type QWERTYQwerty
100%
What is the opposite of bigSmall
100%
What continent is the Sahara Dessert inAfrica
94%
What planet are you onEarth maybe Mars
94%
What is the first word of this questionWhat
94%
What vegetable is green long and crunchyCucumber
88%
What gender is Theresa MayFemale
88%
how many questions are in this quiz15
81%
How long did you have to do this quiz2:02
6%

Score Distribution

Percentile by Number Answered

Percent of People with Each Score

Your Score History

You have not taken this quiz since the last reset